000 00826nam a2200217Ia 4500
999 _c3530
_d3530
003 OSt
005 20200407143828.0
008 191128s99991969utu gr 000 0 spa d
040 _aCO-JMCR
_cCO-JMCR
041 0 _aspa
082 0 4 _a265.62 /
_bK495
100 1 _aKimball, Spencer W.
_eautor
_92694
245 1 3 _aEl milagro del perdón /
_cSpencer W. Kimball
260 _aSalt Lake City :
_bLa iglesia de Jesucristo de los Santos de los Ultimos Días,
_c1969
300 _a384 páginas ;
_c23 cm.
500 _aIncluye índice (páginas 377-384).
505 _aEsta vida es el tiempo -- Ninguna cosa impura puede entrar -- No hay justo, ni aun uno -- Estas cosas aborrece a Jehová -- Sólo el pecado de hómicidio es peor
650 1 4 _aMilagros
_xReligión
_92695
650 2 4 _aPerdón
_xReligión
_92696
942 _2ddc
_cBK